00409 a2200133 4500003000500000005001700005040000900022082001500031245009900046260004200145300001000187650004900197651002900246Nust20251008163845.0 cNust a355.33,ARM aChronicles of The Mailed Fist Division (DNT)bHistory of Pakistan Army's 1st Armoured Division aIslamabad (Pakistan)bAgha Jee c2016 a443 p aHistory of Pakistan Army's Armoured Division aChronicles of The Mailed